000 01109nam0a22002771 4500
001 rc\2221355
005 20110829180101.1
035 _a(NLR Aleph) 006643378
090 _a4717686
_c4717686
100 _a20110829d1979 |||y0rusy50 ca
101 0 _arus
102 _aRU
105 _aa z |||||
200 1 _aАмплитудно-временные преобразователи для автоматических систем контроля и управления электрофизическими установками
210 _aЛенинград
_cНИИЭФА
_d1979
215 _a39 с.
_cил.
_d22
225 1 _aОбзор
_fГос. ком. по использованию атомной энергии СССР, НИИ электрофиз. аппаратуры им. Д.В. Ефремова
_vОГ-32
320 _aБиблиогр.: с. 36-39
700 1 _aСаксаганская
_bО. С.
801 0 _aRU
_bNLR
_gpsbo
801 1 _aRU
_bELAR
_2rusmarc
852 _aNLR
_j80-6/3597
899 _aRuMoRGB
_jБ 75-32/64
899 _aRuMoRGB
_jБ 75-32/68
942 _cBOOK
980 _aNB